Normal view MARC view
  • Violencia contra las mujeres

Entry Materia

Number of records used in: 103

001 - NÚMERO DE CONTROL DEL REGISTRO

  • campo de control: 9029

003 - IDENTIFICADOR DE NUMERO DE CONTROL

  • campo de control: UPN

005 - FECHA Y HORA DE LA ÚLTIMA TRANSACCIÓN

  • campo de control: 20230201101938.0

008 - DATOS DE LONGITUD FIJA

  • campo de control de longitud fija: 220926nn annnnbabn | aaa |d

035 ## - NÚMERO DE CONTROL DEL SISTEMA

  • Número de control del sistema: UPN10000009035

040 ## - FUENTE DE LA CATALOGACIÓN

  • Centro catalogador de origen: MX-MxUPN
  • Lengua de catalogación: spa
  • Agencia de transcripción: MX-MxUPN

046 ## - FECHAS CON CODIFICACIÓN ESPECIAL

  • Fecha final para contenidos agregados: 2022

053 #4 - NÚMERO CLASIFICADOR - BIBLIOTECA DEL CONGRESO (LC)

  • Elemento numérico de la clasificación - Número único o no. inicial del rango: HV6250.4 W65

150 ## - ENCABEZAMIENTO - TEMÁTICO

  • Término de materia o nombre geográfico como elemento inicial: Violencia contra las mujeres

450 ## - VÉASE - MATERIA

  • Encabezamiento temático: Mujeres
  • Subdivisión temática general: Violencia contra

450 ## - VÉASE - MATERIA

  • Encabezamiento temático: Violencia de género

450 ## - VÉASE - MATERIA

  • Encabezamiento temático: Violencia contra la mujer

670 ## - FUENTE EN LA QUE SE LOCALIZARON DATOS

  • Cita de la fuente: LC/P
  • Información localizada: Women - violence against

902 ## - CATALOGADOR

  • Catalogador: BDV/120803